| 000 -LEADER |
| fixed length control field |
00653cam a2200217 i 4500 |
| 003 - CONTROL NUMBER IDENTIFIER |
| control field |
OSt |
| 005 - DATE AND TIME OF LATEST TRANSACTION |
| control field |
20200317103158.0 |
| 008 - FIXED-LENGTH DATA ELEMENTS--GENERAL INFORMATION |
| fixed length control field |
200317b ||||| |||| 00| 0 eng d |
| 020 ## - INTERNATIONAL STANDARD BOOK NUMBER |
| International Standard Book Number |
9781138119758 (pbk : alk. paper) |
| 040 ## - CATALOGING SOURCE |
| Original cataloging agency |
DLC |
| Language of cataloging |
eng |
| Transcribing agency |
DLC |
| Description conventions |
rda |
| 082 00 - DEWEY DECIMAL CLASSIFICATION NUMBER |
| Classification number |
690 |
| Edition number |
23 |
| Item number |
MIL |
| 100 1# - MAIN ENTRY--PERSONAL NAME |
| Personal name |
Millais, Malcolm, |
| Relator term |
author. |
| 245 10 - TITLE STATEMENT |
| Title |
Building structures : |
| Remainder of title |
understanding the basics / |
| Statement of responsibility, etc |
Malcolm Millais. |
| 250 ## - EDITION STATEMENT |
| Edition statement |
Third edition. |
| 300 ## - PHYSICAL DESCRIPTION |
| Extent |
x, 568 pages |
| Dimensions |
26 cm |
| 504 ## - BIBLIOGRAPHY, ETC. NOTE |
| Bibliography, etc |
Includes bibliographical references and index. |
| 650 #0 - SUBJECT ADDED ENTRY--TOPICAL TERM |
| Topical term or geographic name as entry element |
Buildings. |
| 650 #0 - SUBJECT ADDED ENTRY--TOPICAL TERM |
| Topical term or geographic name as entry element |
Structural design. |
| 650 #0 - SUBJECT ADDED ENTRY--TOPICAL TERM |
| Topical term or geographic name as entry element |
Structural analysis (Engineering) |
| 942 ## - ADDED ENTRY ELEMENTS (KOHA) |
| Source of classification or shelving scheme |
|